|
|
|
|
| LEADER |
00000cam a2200000 a 4500 |
| 001 |
1/124307 |
| 008 |
220203s2021####gr | ||| |||| ||gre|| |
| 020 |
|
|
|a 9789606460128
|
| 040 |
|
|
|a GR-MyUa
|b gre
|c GR-MyUa
|e AACR2
|
| 041 |
0 |
|
|a gre
|
| 082 |
7 |
|
|a 304.2
|2 (23)
|
| 245 |
0 |
0 |
|a Βιοποικιλότητα, κοινωνική και πολιτισμική πολυποικιλότητα /
|c επιστημονική επιμέλεια: Βασίλης Παπαβασιλείου, Ελένη Νικολάου, Χαριστούλα Χατζηνικόλα, Μαρία Καϊλα.
|
| 260 |
|
|
|a Αθήνα :
|b Διάδραση,
|c c2021.
|
| 300 |
|
|
|a 576 σ. ;
|c 24 εκ.
|
| 504 |
|
|
|a Περιλαμβάνει βιβλιογραφικές παραπομπές.
|
| 650 |
|
0 |
|a Human ecology.
|
| 650 |
|
0 |
|a Biodiversity.
|
| 650 |
|
0 |
|a Multiculturalism.
|
| 650 |
|
0 |
|a Environmental protection.
|
| 700 |
1 |
|
|a Παπαβασιλείου, Βασίλειος Φ.
|e edt
|
| 700 |
1 |
|
|a Χατζηνικόλα, Χαριστούλα Σ.
|e edtf
|
| 700 |
1 |
|
|a Καΐλα, Μαρία Α.
|e edtf
|
| 700 |
1 |
|
|a Νικολάου, Ελένη Ν.
|e edtf
|
| 852 |
|
|
|a INST
|b RHODES
|c EUDOXUS
|e 20220203
|h 304.2 ΒΙΟ
|p 005400042566
|q 005400042566
|t EDX
|y 0
|
| 852 |
|
|
|a INST
|b RHODES
|c EUDOXUS
|e 20220203
|h 304.2 ΒΙΟ
|p 005400042567
|q 005400042567
|t EDX
|y 0
|
| 920 |
|
|
|a Εύδοξος
|b Παραγγελία
|y Ρόδος-ΤΕΠΑΕΣ
|z 2022-02
|
| 970 |
|
|
|z 03-02-2022
|